| 000 | 00658nam a2200229 i 4500 | ||
|---|---|---|---|
| 001 | 132103 | ||
| 003 | ES-MaACL | ||
| 005 | 20251116063107.0 | ||
| 007 | t| | ||
| 008 | 070214s1958 sp h |||| | spa d | ||
| 080 | _a821.134.2-21"15" | ||
| 100 | 1 |
_aRojas, Fernando de, _dca. 1470-1541 _999042 |
|
| 240 | 1 | 3 | _aLa Celestina |
| 245 | 1 | 3 |
_aLa Celestina / _cFernando de Rojas. |
| 250 | _aEd. facsĂmil. | ||
| 260 |
_aValencia : _b[s.n.], _c1958 ( _fTip. Moderna) |
||
| 300 |
_a135 p. ; _c25 cm. |
||
| 490 | 1 | _aLa fonte que mana y corre | |
| 830 | 1 |
_aLa fonte que mana y corre _9186887 |
|
| 852 |
_aES-MaACL _jC-14959 |
||
| 999 |
_c132103 _d132103 |
||